000
00317nam a22001337a 4500
008
170804b xxu||||| |||| 00| 0 eng d
020
_a
9780132808439
041
_a
eng
080
_a
004
100
_a
32
101
_a
SHKI
245
_a
PRACTICAL DATA STRUCTURES USING C/C++
_c
ANTONAKOS, J.L
942
_2
udc
_c
BK
999
_c
22669
_d
22669